[Event "Izhevsk Corporation Cup-A 4th"]
[Site "Izhevsk"]
[Date "2012.07.15"]
[Round "1"]
[White "Khalilov, Denis"]
[Black "Terentjev, Vladislav"]
[Result "0-1"]
[WhiteElo "1966"]
[BlackElo "2340"]
[PlyCount "74"]
[EventDate "2012.07.15"]
[EventType "swiss"]
[EventRounds "9"]
[EventCountry "RUS"]
[SourceTitle "EXT 2013"]
[Source "ChessBase"]
[SourceDate "2012.11.22"]
[SourceVersion "1"]
[SourceVersionDate "2012.11.22"]
[SourceQuality "1"]

1. e4 g6 2. d4 Bg7 3. Nc3 a6 4. Nf3 b5 5. Bd3 Bb7 6. 0-0 d6 7. Re1 Nd7 8. Bg5 c5 9. dxc5 Nxc5 10. Rb1 h6 11. Bh4 Nf6 12. b4 Nxd3 13. Qxd3 0-0 14. Nd5 g5 15. Bg3 Nh5 16. Rbd1 Rc8 17. Nd4 Nxg3 18. hxg3 e6 19. Ne3 Qb6 20. f4 Rc4 21. Nxc4 bxc4 22. Qe3 Qxb4 23. f5 Re8 24. fxe6 fxe6 25. Nf3 Ba8 26. c3 Bxc3 27. Rb1 Qc5 28. Qxc5 dxc5 29. Rec1 Bxe4 30. Rb6 Bb4 31. Rxc4 Bd3 32. Rc1 e5 33. Rxh6 Kg7 34. Rd6 c4 35. Rxa6 Bc5+ 36. Kh1 Rh8+ 37. Nh2 Bf2 0-1